Lo ajeno en el hombre o la sexualidad que llega desde afuera /
Uloženo v:
| Hlavní autor: | |
|---|---|
| Další autoři: | |
| Médium: | Text |
| Témata: | |
| Tagy: |
Přidat tag
Žádné tagy, Buďte první, kdo vytvoří štítek k tomuto záznamu!
|
MARC
| LEADER | 00000 a a2200000 04500 | ||
|---|---|---|---|
| 001 | 199 | ||
| 003 | |||
| 040 | |||
| 100 | |a Bosse, Hans | ||
| 245 | |a Lo ajeno en el hombre o la sexualidad que llega desde afuera / |c Hans Bosse ; Jorge Sanabria León | ||
| 650 | |a ROL MASCULINO | ||
| 650 | |a SEXUALIDAD | ||
| 650 | |a COMPORTAMIENTO SEXUAL | ||
| 650 | |a PSICOLOGIA | ||
| 650 | |a ETNOLOGIA | ||
| 650 | |a JUVENTUD | ||
| 650 | |a ADOLESCENTES | ||
| 650 | |a GRUPOS DE EDAD | ||
| 650 | |a DINAMICA DE GRUPOS | ||
| 650 | |a GRUPOS ETNICOS | ||
| 650 | |a ANALISIS SOCIOLOGICO | ||
| 650 | |a CAMBIO SOCIAL | ||
| 700 | |a Sanabria León, Jorge | ||
| 773 | |g volumen 13, número 93; páginas 25-42 | ||
| 999 | |c 27535 |d 27535 | ||
| 773 | 0 | |0 18811 |9 3249 |a Universidad de Costa Rica. Instituto de Investigaciones en Psicología |d San José, C.R.: Editorial de la UCR |o 07051 |t Actualidades en Psicología / | |
